| 000 | 00431nam a2200169Ia 4500 | ||
|---|---|---|---|
| 008 | 131103s9999 xx 000 0 und d | ||
| 040 | _aLoreto College | ||
| 041 | _aEnglish | ||
| 082 |
_aF/MAC _bLCLIB/24044 |
||
| 100 | _aMacdonald,Ross | ||
| 245 | 4 |
_aThe Three roads _cRoss Macdonald |
|
| 260 |
_aNew York _bBantam Books _c1948 |
||
| 300 |
_a214 p. _c 18 cm. |
||
| 650 | _aFiction in English | ||
| 850 | _aLCLIB | ||
| 942 | _cBK | ||
| 999 |
_c15965 _d66444 |
||